[Event "Titled Tuesday intern op 27th Oct"]
[Site "Chess.com INT"]
[Date "2020.10.27"]
[Round "4"]
[White "Khazieva, Elza"]
[Black "Valle Maytin, Luis Enrique"]
[Result "1-0"]
[WhiteElo "2016"]
[BlackElo "2284"]
[PlyCount "115"]
[EventDate "2020.10.27"]
[EventType "swiss (blitz)"]
[EventRounds "11"]
[EventCountry "USA"]
[SourceTitle "CBM 199 Extra"]
[Source "ChessBase"]
[SourceDate "2021.01.31"]
[SourceVersion "1"]
[SourceVersionDate "2021.01.31"]
[SourceQuality "1"]

1. e4 c5 2. Nf3 g6 3. d3 Nc6 4. g3 Bg7 5. Bg2 d6 6. 0-0 e5 7. Nc3 Nge7 8. Nd2 0-0 9. Nc4 Be6 10. a4 a6 11. Nd5 Rb8 12. a5 Bxd5 13. exd5 Nd4 14. c3 Nb5 15. f4 f6 16. Qb3 Kh8 17. Bd2 Qd7 18. Nb6 Qc7 19. Bh3 Rbd8 20. Be6 Qb8 21. Nd7 Rxd7 22. Bxd7 Nc7 23. c4 f5 24. fxe5 Bxe5 25. Bc3 Qd8 26. Be6 Nxe6 27. dxe6 Qc7 28. Rae1 Nc6 29. Qb6 Qxb6 30. axb6 Re8 31. g4 f4 32. Rxf4 Rxe6 33. Bxe5+ Nxe5 34. Ree4 Kg7 35. h3 h6 36. Rf1 g5 37. Kg2 Re7 38. Rf5 Re6 39. Kg3 Re7 40. h4 Kg6 41. h5+ Kg7 42. Re3 Re6 43. Rfxe5 dxe5 44. Kf3 Rf6+ 45. Ke4 Rf4+ 46. Kxe5 Rxg4 47. Kd6 Rf4 48. Re7+ Kf6 49. Rxb7 g4 50. Rb8 Kg5 51. Rg8+ Kh4 52. b7 Rf6+ 53. Kxc5 Rf5+ 54. Kb4 Rf2 55. Kc3 g3 56. b8Q g2 57. Qg3+ Kxh5 58. Qg4# 1-0

[Event "Titled Tuesday intern op 27th Oct"]
[Site "Chess.com INT"]
[Date "2020.10.27"]
[Round "8"]
[White "Pacan Milej, Kosma"]
[Black "Khazieva, Elza"]
[Result "1-0"]
[WhiteElo "2423"]
[BlackElo "2016"]
[PlyCount "123"]
[EventDate "2020.10.27"]
[EventType "swiss (blitz)"]
[EventRounds "11"]
[EventCountry "USA"]
[SourceTitle "CBM 199 Extra"]
[Source "ChessBase"]
[SourceDate "2021.01.31"]
[SourceVersion "1"]
[SourceVersionDate "2021.01.31"]
[SourceQuality "1"]

1. d4 Nf6 2. c4 d6 3. Nf3 Bf5 4. g3 c6 5. Bg2 h6 6. 0-0 Nbd7 7. Nc3 e5 8. Re1 Be7 9. e4 Bh7 10. Nh4 0-0 11. Nf5 Bxf5 12. exf5 Re8 13. Be3 exd4 14. Bxd4 Qa5 15. Qc2 Ne5 16. c5 Ned7 17. cxd6 Bxd6 18. Ne4 Be5 19. Nxf6+ Bxf6 20. Red1 Bxd4 21. Rxd4 Ne5 22. Qe4 Nc4 23. Qg4 Re1+ 24. Rxe1 Qxe1+ 25. Bf1 Nd2 26. Qe2 Qxf1+ 27. Qxf1 Nxf1 28. Kxf1 Kf8 29. Rd7 Rb8 30. Ke2 Ke8 31. Rc7 a5 32. Ke3 a4 33. Ke4 Kf8 34. Ke5 Re8+ 35. Kd6 Rd8+ 36. Rd7 Rb8 37. Kc7 Re8 38. Rd2 Re5 39. Kxb7 Rxf5 40. Kxc6 Rh5 41. h4 Ra5 42. b4 axb3 43. axb3 Ke7 44. b4 Ra3 45. b5 Rc3+ 46. Kb7 Ke6 47. b6 Rb3 48. Ka7 Ra3+ 49. Kb8 Rb3 50. b7 Ke5 51. Rc2 Ke4 52. Kc8 g5 53. hxg5 hxg5 54. b8Q Rxb8+ 55. Kxb8 f5 56. Kc7 f4 57. gxf4 gxf4 58. Kd6 f3 59. Ke6 Kd3 60. Ra2 Ke4 61. Kf6 Kf4 62. Ra4# 1-0

[Event "Titled Tuesday intern op 01st Sept"]
[Site "Chess.com INT"]
[Date "2020.09.01"]
[Round "8"]
[White "Ovchinnikov, Vsevolod"]
[Black "Khazieva, Elza"]
[Result "0-1"]
[WhiteElo "2349"]
[BlackElo "2016"]
[PlyCount "92"]
[EventDate "2020.09.01"]
[EventType "swiss (blitz)"]
[EventRounds "10"]
[EventCountry "USA"]
[SourceTitle "CBM 198 Extra"]
[Source "ChessBase"]
[SourceDate "2020.11.30"]
[SourceVersion "1"]
[SourceVersionDate "2020.11.30"]
[SourceQuality "1"]

1. d4 Nf6 2. c4 d6 3. g3 Bf5 4. Nc3 c6 5. Bg2 h6 6. e4 Bh7 7. Nge2 Nbd7 8. h3 e5 9. Be3 Be7 10. g4 Qc7 11. Qd2 a6 12. Rc1 Bg6 13. Ng3 Rd8 14. b3 Nf8 15. d5 N8d7 16. f3 Nh7 17. h4 Nhf6 18. Kf2 Nc5 19. b4 Ncd7 20. Nce2 Qb8 21. g5 Ng8 22. Bh3 h5 23. Rhd1 Qc7 24. f4 f6 25. f5 fxg5 26. fxg6 g4 27. Bg2 Bxh4 28. Kg1 Be7 29. Nf5 Bf6 30. Nc3 Nf8 31. dxc6 bxc6 32. c5 dxc5 33. Qe2 Rxd1+ 34. Rxd1 Nxg6 35. Bxc5 N8e7 36. Qxa6 0-0 37. Nxe7+ Bxe7 38. Qc4+ Kh7 39. Qe6 Bxc5+ 40. bxc5 Qa7 41. Qxc6 Qa5 42. Nd5 Qa4 43. Rf1 Qxc6 44. Rxf8 Nxf8 45. Ne7 Qxc5+ 46. Kh1 Qxe7 0-1

[Event "Titled Tuesday intern op 25th Aug"]
[Site "Chess.com INT"]
[Date "2020.08.25"]
[Round "6"]
[White "Khazieva, Elza"]
[Black "Mogirzan, Matei Valeriu"]
[Result "1-0"]
[WhiteElo "2016"]
[BlackElo "1813"]
[PlyCount "105"]
[EventDate "2020.08.25"]
[EventType "swiss (blitz)"]
[EventRounds "10"]
[EventCountry "USA"]
[SourceTitle "CBM 198 Extra"]
[Source "ChessBase"]
[SourceDate "2020.11.30"]
[SourceVersion "1"]
[SourceVersionDate "2020.11.30"]
[SourceQuality "1"]

1. e4 c5 2. Nf3 e6 3. d3 d5 4. Nbd2 Nc6 5. g3 Nf6 6. Bg2 dxe4 7. dxe4 e5 8. 0-0 Be7 9. c3 0-0 10. Qe2 Qc7 11. Rd1 h6 12. Nf1 Be6 13. Nh4 Rad8 14. Ne3 Rfe8 15. Nhf5 Bf8 16. Qf3 g6 17. Nxh6+ Bxh6 18. Qxf6 Bg7 19. Qf3 Rxd1+ 20. Nxd1 Na5 21. b3 b5 22. h4 b4 23. Bb2 Qc8 24. Ne3 Rd8 25. cxb4 cxb4 26. Rc1 Qd7 27. Nd5 Bxd5 28. exd5 e4 29. Qe2 Bxb2 30. Qxb2 Qxd5 31. Re1 Qd2 32. Qxd2 Rxd2 33. Rxe4 Rxa2 34. Rxb4 Rb2 35. Bd5 Ra2 36. Rb5 Ra3 37. Kg2 Kg7 38. g4 Kf6 39. h5 gxh5 40. gxh5 Kg7 41. Kg3 f6 42. Kg4 Kh6 43. f4 f5+ 44. Kxf5 Kxh5 45. Bf7+ Kh4 46. Bd5 Kg3 47. Kg5 Kf2 48. f5 Ke3 49. f6 Kd4 50. f7 Ra1 51. f8Q Rg1+ 52. Kh4 Rh1+ 53. Bxh1 1-0

[Event "Titled Tuesday intern op 18th Aug"]
[Site "Chess.com INT"]
[Date "2020.08.18"]
[Round "5"]
[White "Khazieva, Elza"]
[Black "Lugovskoy, Maxim"]
[Result "0-1"]
[WhiteElo "2016"]
[BlackElo "2420"]
[PlyCount "112"]
[EventDate "2020.08.18"]
[EventType "swiss (blitz)"]
[EventRounds "10"]
[EventCountry "USA"]
[SourceTitle "CBM 197 Extra"]
[Source "ChessBase"]
[SourceDate "2020.09.30"]
[SourceVersion "1"]
[SourceVersionDate "2020.09.30"]
[SourceQuality "1"]

1. e4 a6 2. Nf3 b5 3. d3 Bb7 4. g3 d5 5. exd5 Qxd5 6. Bg2 Nc6 7. Nc3 Qe6+ 8. Be3 Nf6 9. 0-0 g6 10. Re1 Qc8 11. Bc5 Bg7 12. Nd4 Nxd4 13. Rxe7+ Kd8 14. Rxf7 Bxg2 15. Bxd4 Bb7 16. Rxg7 Rf8 17. Qe2 Ng8 18. Rxg8 Rxg8 19. Bf6+ Kd7 20. Qe7+ Kc6 21. Qe4+ Kb6 22. Nd5+ Ka7 23. Bd4+ c5 24. Be3 Re8 25. Qg2 Qc6 26. c4 Rad8 27. b4 Ka8 28. Bxc5 Rxd5 29. cxd5 Qxd5 30. Qxd5 Bxd5 31. a3 Re2 32. Kf1 Rd2 33. d4 Bf3 34. Re1 Ra2 35. Rc1 g5 36. h3 h5 37. Bb6 g4 38. hxg4 hxg4 39. Bc7 Kb7 40. Bd6 Rxa3 41. Ke1 Ra2 42. Bf4 Re2+ 43. Kf1 Rb2 44. Bd6 Rd2 45. Bc5 Kc6 46. Re1 Kd5 47. Rc1 Ra2 48. Re1 a5 49. Rc1 a4 50. Re1 a3 51. Re5+ Kc4 52. Re1 Rb2 53. Rc1+ Kd5 54. Be7 a2 55. Rc5+ Ke6 56. Bg5 Rb1+ 0-1

[Event "Titled Tuesday intern op 18th Aug"]
[Site "Chess.com INT"]
[Date "2020.08.18"]
[Round "3"]
[White "Khazieva, Elza"]
[Black "Pavlov, Danila"]
[Result "1-0"]
[WhiteElo "2016"]
[BlackElo "2348"]
[PlyCount "107"]
[EventDate "2020.08.18"]
[EventType "swiss (blitz)"]
[EventRounds "10"]
[EventCountry "USA"]
[SourceTitle "CBM 197 Extra"]
[Source "ChessBase"]
[SourceDate "2020.09.30"]
[SourceVersion "1"]
[SourceVersionDate "2020.09.30"]
[SourceQuality "1"]

1. e4 e6 2. d3 d5 3. Nd2 Nf6 4. Ngf3 c5 5. g3 Nc6 6. Bg2 Be7 7. 0-0 Qc7 8. Re1 b6 9. e5 Nd7 10. Qe2 Bb7 11. c4 0-0-0 12. cxd5 exd5 13. d4 g5 14. Nb3 c4 15. Bxg5 cxb3 16. Bxe7 Nxe7 17. Rec1 Nc6 18. axb3 Kb8 19. b4 b5 20. Qxb5 Qb6 21. Qxb6 axb6 22. b5 Na5 23. Rc3 Rhe8 24. Ng5 Re7 25. Nxh7 Rg8 26. f4 Nf8 27. Nf6 Rh8 28. Bxd5 Bxd5 29. Nxd5 Rb7 30. b4 Ne6 31. bxa5 bxa5 32. Rxa5 Rd8 33. b6 Nxd4 34. Rca3 Kc8 35. Ra8+ Rb8 36. Ne7+ Kd7 37. R3a7+ Ke6 38. Rxb8 Rxb8 39. Kf2 Nb5 40. Nc6 Rxb6 41. Nd8+ Kd5 42. Rxf7 Ke4 43. Kg2 Nd4 44. e6 Rb2+ 45. Kh3 Nf3 46. e7 Rxh2+ 47. Kg4 Rh8 48. Rf8 Nh2+ 49. Kg5 Nf3+ 50. Kf6 Rh6+ 51. Kg7 Rh3 52. e8Q+ Kd3 53. Qd7+ Ke3 54. Qxh3 1-0

[Event "Titled Tuesday intern op 11th Aug"]
[Site "Chess.com INT"]
[Date "2020.08.11"]
[Round "3"]
[White "Khazieva, Elza"]
[Black "Belous, Vladimir"]
[Result "0-1"]
[WhiteElo "2016"]
[BlackElo "2524"]
[PlyCount "92"]
[EventDate "2020.08.11"]
[EventType "swiss (blitz)"]
[EventRounds "10"]
[EventCountry "USA"]
[SourceTitle "CBM 197 Extra"]
[Source "ChessBase"]
[SourceDate "2020.09.30"]
[SourceVersion "1"]
[SourceVersionDate "2020.09.30"]
[SourceQuality "1"]

1. e4 c5 2. Nf3 Nc6 3. d3 Nf6 4. g3 d6 5. Bg2 Bg4 6. Nbd2 g6 7. h3 Bd7 8. 0-0 Bg7 9. Re1 0-0 10. e5 dxe5 11. Nxe5 Rc8 12. Ndc4 b6 13. a4 Nxe5 14. Nxe5 Be6 15. Qe2 Bd5 16. Bd2 e6 17. h4 Bxg2 18. Kxg2 Nd5 19. h5 Qc7 20. Nc4 Qc6 21. f3 Rfe8 22. Rh1 e5 23. hxg6 hxg6 24. Qe4 f5 25. Qh4 Kf8 26. Bh6 Rc7 27. Rae1 Qf6 28. Qxf6+ Nxf6 29. Nxe5 Kg8 30. Bxg7 Kxg7 31. Nc4 Rce7 32. Rxe7+ Rxe7 33. Kf2 Nd5 34. Re1 Rd7 35. Ne5 Rc7 36. c3 f4 37. g4 Kf6 38. Nc4 a6 39. Re4 b5 40. Na5 g5 41. axb5 axb5 42. Nb3 Ne3 43. Re8 Rh7 44. Kg1 Rh3 45. Rf8+ Ke7 46. Nd2 Kxf8 0-1

[Event "Titled Tuesday intern op 11th Aug"]
[Site "Chess.com INT"]
[Date "2020.08.11"]
[Round "6"]
[White "Khazieva, Elza"]
[Black "Ibrahimli, Murad Sultanali"]
[Result "0-1"]
[WhiteElo "2016"]
[BlackElo "2436"]
[PlyCount "90"]
[EventDate "2020.08.11"]
[EventType "swiss (blitz)"]
[EventRounds "10"]
[EventCountry "USA"]
[SourceTitle "CBM 197 Extra"]
[Source "ChessBase"]
[SourceDate "2020.09.30"]
[SourceVersion "1"]
[SourceVersionDate "2020.09.30"]
[SourceQuality "1"]

1. e4 c5 2. Nf3 d6 3. d3 Nc6 4. g3 g6 5. Bg2 Bg7 6. 0-0 e5 7. Nc3 Nge7 8. Nd2 0-0 9. Nc4 Be6 10. Nd5 Bxd5 11. exd5 Na5 12. Na3 a6 13. c4 Nf5 14. Bd2 Nd4 15. Qa4 b6 16. Bxa5 bxa5 17. Nc2 Nxc2 18. Qxc2 f5 19. Qa4 Rb8 20. Rab1 Rb4 21. Qc6 Rb6 22. Qa4 Rb7 23. Qc6 Ra7 24. Rfe1 Rff7 25. Qa4 Bf6 26. Bf3 Kg7 27. a3 Rfb7 28. b4 axb4 29. axb4 cxb4 30. Rxb4 Rxb4 31. Qxb4 a5 32. Qa4 Qb6 33. Qa2 a4 34. Rb1 Qd4 35. Qa3 Be7 36. Bd1 f4 37. Bxa4 fxg3 38. hxg3 h5 39. Qa1 Qxd3 40. Qa2 h4 41. Qb3 Qd4 42. gxh4 Bxh4 43. Qe3 Qxe3 44. fxe3 Rxa4 45. Rb7+ Kf6 0-1

[Event "Titled Tuesday intern op 11th Aug"]
[Site "Chess.com INT"]
[Date "2020.08.11"]
[Round "8"]
[White "Vlassov, Nikolai"]
[Black "Khazieva, Elza"]
[Result "1-0"]
[WhiteElo "2352"]
[BlackElo "2016"]
[PlyCount "69"]
[EventDate "2020.08.11"]
[EventType "swiss (blitz)"]
[EventRounds "10"]
[EventCountry "USA"]
[SourceTitle "CBM 197 Extra"]
[Source "ChessBase"]
[SourceDate "2020.09.30"]
[SourceVersion "1"]
[SourceVersionDate "2020.09.30"]
[SourceQuality "1"]

1. e4 c5 2. c3 d6 3. d4 Nf6 4. Bd3 Nbd7 5. f4 e6 6. Nf3 Be7 7. 0-0 0-0 8. e5 Nd5 9. Qe2 cxd4 10. Qe4 f5 11. exf6 N7xf6 12. Qxd4 Qb6 13. Na3 Ng4 14. Qxb6 Nxb6 15. Re1 Bd7 16. h3 Nf6 17. Nc4 Nbd5 18. Nd4 Nc7 19. Bd2 b5 20. Na5 a6 21. Nac6 Rae8 22. a4 Nfd5 23. axb5 axb5 24. Nxe7+ Rxe7 25. Ra7 Ne8 26. Bxb5 Bxb5 27. Rxe7 Nxe7 28. Nxb5 Rf6 29. g4 d5 30. f5 Nc6 31. Bg5 Rf7 32. Rxe6 Kf8 33. Rxc6 Rb7 34. Nd6 Rxb2 35. Rc8 1-0

[Event "Titled Tuesday intern op 4th Aug 10am"]
[Site "Chess.com INT"]
[Date "2020.08.04"]
[Round "1"]
[White "Iniyan, Panneerseluam"]
[Black "Khazieva, Elza"]
[Result "1-0"]
[WhiteElo "2506"]
[BlackElo "2016"]
[PlyCount "101"]
[EventDate "2020.08.04"]
[EventType "swiss (blitz)"]
[EventRounds "10"]
[EventCountry "USA"]
[SourceTitle "CBM 197 Extra"]
[Source "ChessBase"]
[SourceDate "2020.09.30"]
[SourceVersion "1"]
[SourceVersionDate "2020.09.30"]
[SourceQuality "1"]

1. e4 c5 2. Nf3 d6 3. d4 cxd4 4. Nxd4 Nf6 5. Nc3 Nc6 6. Bc4 e5 7. Nf3 Be7 8. 0-0 0-0 9. h3 Be6 10. Bxe6 fxe6 11. b3 Qe8 12. Bb2 Nh5 13. Nd2 Nf4 14. Nc4 Nd4 15. Bc1 Rc8 16. Bxf4 Rxf4 17. Ne2 Rxe4 18. Ng3 Rf4 19. c3 b5 20. cxd4 bxc4 21. dxe5 d5 22. Rc1 Ba3 23. Rc2 Qg6 24. bxc4 Rfxc4 25. Rxc4 Rxc4 26. Qb3 Bf8 27. Qb7 a5 28. Qa8 a4 29. Re1 Rf4 30. Rc1 h5 31. Ne2 Rb4 32. Rc8 Qf7 33. f3 Rb1+ 34. Kh2 Rb2 35. Qa6 Kh7 36. Qd3+ Kg8 37. h4 Rxa2 38. Ng3 Qf4 39. Kh3 Qf7 40. Qe3 Rb2 41. Qg5 a3 42. Nxh5 Qf5+ 43. Qxf5 exf5 44. Ra8 a2 45. Nf4 Kf7 46. e6+ Kf6 47. Rxf8+ Ke5 48. Ng6+ Kxe6 49. Ra8 Kf6 50. Nf4 Ke5 51. Nd3+ 1-0

[Event "Titled Tuesday intern op 21st July"]
[Site "Chess.com INT"]
[Date "2020.07.21"]
[Round "5"]
[White "Khazieva, Elza"]
[Black "Luo, Terry"]
[Result "0-1"]
[WhiteElo "2016"]
[BlackElo "2124"]
[PlyCount "80"]
[EventDate "2020.07.21"]
[EventType "swiss (blitz)"]
[EventRounds "10"]
[EventCountry "USA"]
[SourceTitle "CBM 197 Extra"]
[Source "ChessBase"]
[SourceDate "2020.09.30"]
[SourceVersion "1"]
[SourceVersionDate "2020.09.30"]
[SourceQuality "1"]

1. e4 c5 2. Nf3 d6 3. d3 Nf6 4. g3 g6 5. Bg2 Bg7 6. 0-0 0-0 7. Re1 Nc6 8. e5 dxe5 9. Nxe5 Nxe5 10. Rxe5 Nd7 11. Re1 Rb8 12. a4 b6 13. a5 Bb7 14. Bxb7 Rxb7 15. Qf3 Rb8 16. axb6 axb6 17. Nc3 e6 18. Bf4 Ra8 19. h4 h5 20. Bd6 Re8 21. Rab1 Nf6 22. Be5 Nd5 23. Bxg7 Kxg7 24. Ne4 Nb4 25. Ng5 Qd7 26. Rbc1 Ra2 27. Qf4 Nd5 28. Qc4 Ra4 29. Qb3 Rb4 30. Qa2 Ra4 31. Qb1 Rea8 32. b3 Ra2 33. Ne4 f5 34. c4 fxe4 35. cxd5 exd5 36. dxe4 d4 37. e5 d3 38. Rcd1 Qd4 39. Qxd3 Qxf2+ 40. Kh1 Qh2# 0-1

[Event "Titled Tuesday intern op 14th July"]
[Site "Chess.com INT"]
[Date "2020.07.14"]
[Round "3"]
[White "Khazieva, Elza"]
[Black "Kairbekova, Amina"]
[Result "1-0"]
[WhiteElo "2016"]
[BlackElo "2065"]
[PlyCount "97"]
[EventDate "2020.07.14"]
[EventType "swiss (blitz)"]
[EventRounds "10"]
[EventCountry "USA"]
[SourceTitle "CBM 197 Extra"]
[Source "ChessBase"]
[SourceDate "2020.09.30"]
[SourceVersion "1"]
[SourceVersionDate "2020.09.30"]
[SourceQuality "1"]

1. e4 c5 2. Nf3 Nc6 3. d3 g6 4. g3 Bg7 5. Bg2 e6 6. 0-0 Nge7 7. Re1 d6 8. c3 e5 9. Na3 0-0 10. Nc4 b5 11. Ne3 Be6 12. Ng5 Bd7 13. Nd5 h6 14. Nf3 Nxd5 15. exd5 Ne7 16. d4 cxd4 17. cxd4 Bg4 18. dxe5 dxe5 19. h3 Bxf3 20. Qxf3 Qd6 21. Be3 f5 22. Red1 Rfd8 23. Rac1 e4 24. Qe2 Nxd5 25. Qxb5 Kh7 26. Bf1 Rab8 27. Qa5 Qe5 28. Bd4 Qe6 29. Bxg7 e3 30. Qxa7 exf2+ 31. Qxf2 Kxg7 32. Qd4+ Kh7 33. Bc4 Qe4 34. Qxe4 fxe4 35. Rxd5 Rxd5 36. Bxd5 Rxb2 37. Rc7+ Kh8 38. a4 e3 39. Re7 e2 40. Kf2 Rd2 41. Bf3 Ra2 42. Bc6 Ra3 43. Rxe2 Kg7 44. Re6 g5 45. Re3 Ra2+ 46. Kf3 Ra1 47. Bd5 Kf6 48. Rb3 Kg7 49. Rb6 1-0

[Event "Titled Tuesday intern op 7th July"]
[Site "Chess.com INT"]
[Date "2020.07.07"]
[Round "7"]
[White "Sloan, Julia Elizabeth"]
[Black "Khazieva, Elza"]
[Result "1/2-1/2"]
[WhiteElo "2087"]
[BlackElo "2016"]
[PlyCount "98"]
[EventDate "2020.07.07"]
[EventType "swiss (blitz)"]
[EventRounds "10"]
[EventCountry "USA"]
[SourceTitle "CBM 197 Extra"]
[Source "ChessBase"]
[SourceDate "2020.09.30"]
[SourceVersion "1"]
[SourceVersionDate "2020.09.30"]
[SourceQuality "1"]

1. d4 Nf6 2. c4 d6 3. f3 e5 4. dxe5 dxe5 5. Qxd8+ Kxd8 6. Nc3 c6 7. Bg5 Be7 8. 0-0-0+ Kc7 9. e4 Be6 10. Be3 Nbd7 11. Nge2 Bc5 12. Bxc5 Nxc5 13. b3 Rhd8 14. Kc2 a5 15. Nc1 Rxd1 16. Kxd1 Rd8+ 17. Kc2 Nfd7 18. Be2 f5 19. a3 fxe4 20. fxe4 Nf6 21. Bf3 Bg4 22. Rd1 Rf8 23. Rf1 Re8 24. Bxg4 Nxg4 25. Rf7+ Kb6 26. Rxg7 Nxh2 27. Rxh7 Nf1 28. b4 Ne6 29. c5+ Ka7 30. b5 Nd4+ 31. Kd3 cxb5 32. N1e2 Rd8 33. Nd5 Nxe2 34. Kxe2 Ng3+ 35. Kf3 Nf1 36. c6 Nd2+ 37. Kg4 Nxe4 38. Rxb7+ Ka6 39. c7 Rc8 40. Rb8 Nd6 41. Rxc8 Nxc8 42. Kf5 Kb7 43. Kxe5 Kc6 44. g4 b4 45. axb4 axb4 46. Nxb4+ Kxc7 47. g5 Kd7 48. Kf6 Ne7 49. g6 Nxg6 1/2-1/2

[Event "Titled Tuesday intern op 16th June"]
[Site "Chess.com INT"]
[Date "2020.06.16"]
[Round "1"]
[White "Borsuk, Konstantin"]
[Black "Khazieva, Elza"]
[Result "1-0"]
[WhiteElo "2431"]
[BlackElo "2016"]
[PlyCount "87"]
[EventDate "2020.06.16"]
[EventType "swiss (blitz)"]
[EventRounds "10"]
[EventCountry "USA"]
[SourceTitle "EXT 2021"]
[Source "ChessBase"]
[SourceDate "2020.10.23"]
[SourceVersion "1"]
[SourceVersionDate "2020.10.23"]
[SourceQuality "1"]

1. d4 Nf6 2. c4 d6 3. Nc3 Bf5 4. f3 e5 5. d5 c6 6. e4 Bd7 7. Be3 Be7 8. Qb3 Qc7 9. Be2 0-0 10. g4 Na6 11. h4 Nc5 12. Qd1 cxd5 13. cxd5 b5 14. b4 Na6 15. Qb3 Qb7 16. Bd3 Nc7 17. a3 a5 18. Rc1 axb4 19. axb4 Rfc8 20. Nge2 Nce8 21. Ng3 Nc7 22. g5 Nfe8 23. Kf2 Ra6 24. Ra1 Rca8 25. Rxa6 Qxa6 26. Rb1 Qa3 27. Qc2 Na6 28. Qb2 Qxb2+ 29. Rxb2 Nac7 30. Nf5 Bf8 31. f4 g6 32. Ng3 exf4 33. Bxf4 f6 34. Nce2 fxg5 35. hxg5 Ra3 36. Bc2 Bg7 37. Rb1 Na6 38. Nf1 Nec7 39. Bxd6 Ne8 40. e5 Ra2 41. Bb3 Ra3 42. e6 Nxd6 43. exd7 Nf7 44. d6 1-0

[Event "Titled Tuesday intern op 16th June"]
[Site "Chess.com INT"]
[Date "2020.06.16"]
[Round "9"]
[White "Jovic, Stanoje"]
[Black "Khazieva, Elza"]
[Result "1-0"]
[WhiteElo "2206"]
[BlackElo "2016"]
[PlyCount "57"]
[EventDate "2020.06.16"]
[EventType "swiss (blitz)"]
[EventRounds "10"]
[EventCountry "USA"]
[SourceTitle "EXT 2021"]
[Source "ChessBase"]
[SourceDate "2020.10.23"]
[SourceVersion "1"]
[SourceVersionDate "2020.10.23"]
[SourceQuality "1"]

1. c4 Nf6 2. g3 d6 3. Bg2 e5 4. Nc3 c6 5. d3 Be7 6. Nf3 0-0 7. 0-0 a6 8. Rb1 Nbd7 9. b4 d5 10. a4 Re8 11. e4 dxe4 12. dxe4 a5 13. b5 Nc5 14. Qc2 Bf8 15. Rd1 Qc7 16. h3 Be6 17. b6 Qc8 18. Bg5 Bxh3 19. Bxf6 gxf6 20. Nh4 Bxg2 21. Kxg2 Qg4 22. f3 Qg5 23. Nf5 Rad8 24. Ne2 Ne6 25. Rxd8 Rxd8 26. Rd1 Bb4 27. Rxd8+ Nxd8 28. f4 Qg4 29. Nh6+ 1-0